Romano Guardini y la dialéctica de lo viviente (Record no. 178539)

MARC details
000 -LEADER
campo de control de longitud fija 00843nam a2200241 i 4500
001 - NÚMERO DE CONTROL
campo de control 178539
003 - IDENTIFICADOR DE NÚMERO DE CONTROL
campo de control ES-MaACL
005 - FECHA Y HORA DE LA ÚLTIMA TRANSACCIÓN
campo de control 20250824221155.0
008 - DATOS DE LONGITUD FIJA--INFORMACIÓN GENERAL
campo de control de longitud fija 110607s1966 sp f |||| | spa d
080 ## - NÚMERO DE LA CLASIFICACIÓN DECIMAL UNIVERSAL
Número de la Clasificación Decimal Universal 1 Guardini, Romano
100 1# - ENTRADA PRINCIPAL--NOMBRE DE PERSONA
Nombre de persona López Quintás, Alfonso.
9 (RLIN) 73905
245 10 - MENCIÓN DEL TÍTULO
Título Romano Guardini y la dialéctica de lo viviente
Resto del título : estudio metodológico /
Mención de responsabilidad, etc. Alfonso López Quintás.
260 ## - PUBLICACIÓN, DISTRIBUCIÓN, ETC.
Lugar de publicación, distribución, etc. Madrid :
Nombre del editor, distribuidor, etc. Cristiandad,
Fecha de publicación, distribución, etc. [1966]
300 ## - DESCRIPCIÓN FÍSICA
Extensión 344 p. , [7] h. de lám. ;
Dimensiones 22 cm.
490 1# - MENCIÓN DE SERIE
Mención de serie Los libros del monograma
490 1# - MENCIÓN DE SERIE
Mención de serie Teología y siglo XX ;
Designación de volumen o secuencia 5
504 ## - NOTA DE BIBLIOGRAFÍA, ETC.
Nota de bibliografía, etc. Bibliografía: p. 339-344.
600 14 - PUNTO DE ACCESO ADICIONAL DE MATERIA--NOMBRE DE PERSONA
Nombre de persona Guardini, Romano.
9 (RLIN) 60319
830 04 - PUNTO DE ACCESO ADICIONAL DE SERIE-TÍTULO UNIFORME
Título uniforme Los libros del monograma
9 (RLIN) 183512
830 0# - PUNTO DE ACCESO ADICIONAL DE SERIE-TÍTULO UNIFORME
Título uniforme Teología y siglo XX ;
Designación de volumen o secuencia 5
9 (RLIN) 191015
852 ## - LOCALIZACIÓN
Ubicación ES-MaACL
Número de control de estantería E-15419
Encuadernación Olim P-315-Ter
Holdings
Estatus retirado Estado de pérdida Estado de daño No para préstamo Biblioteca de origen Biblioteca actual Ubicación en estantería Fecha de adquisición Fuente de adquisición Total de préstamos Signatura topográfica completa Código de barras Visto por última vez Precio de reemplazo Tipo de ítem Koha
        Biblioteca del Ateneo de Madrid Biblioteca del Ateneo de Madrid Depósito 2 07/06/2011     E-15419 1187544 23/02/2023 23/02/2023 Libro impreso